000 01791nam a22004217a 4500
003 PE-LiUPU
005 20250731173555.0
008 160309t20162016enk b 001 0 eng d
020 _a9780198784203
035 _a(OCoLC)936143334
040 _aPE-LiUPU
_bspa
_cPE-LiUPU
_erda
082 0 4 _a231.74
_bOc51r
100 _aO´Collins, Gerald
_eAutor.
_9827
245 1 0 _aRevelation :
_btowards a Christian interpretation of God's self-revelation in Jesus Christ /
_cGerald O'Collins, SJ.
250 _a1a edición
264 4 _aOxford :
_bOxford University Press,
_c2016.
300 _a229 paginas ;
_c23 centimetros.
336 _atext
_btxt
_2rdacontent.
337 _aunmediated
_bn
_2rdamedia.
338 _avolume
_bnc
_2rdacarrier.
500 _aIncluye índices,
504 _aIncluye referencias bibliográficas (páginas 215-216),
505 0 _aRevelation as self-revelation and communication of truth -- The love that reveals and conceals -- Revelation informs and transforms -- The sacramental character of divine self-revelation -- Means and mediators of revelation -- Believers receive revelation and are themselves revealed -- Evidence for revelation and human freedom -- Revelation then, now, and to come -- Handing on revelation: the role of tradition -- Revelation and inspiration -- The canon and truth of Scriptures -- The divine revelation reaching the 'others'.
526 _aSEG42
526 _aSEG41
526 _aSEG40
526 _aSEG39
526 _aP94
526 _aP87
526 _aP86
526 _aP85
526 _aP77
526 _aP76
526 _aP35
650 0 _aApocalipsis
_xCristianismo.
_9828
942 _2ddc
_cBK
_n0
980 _622041
_aELI VALDERRAMA Analista Documental
_81
_gALBERTO SANCHEZ Responsable de Automatización
999 _c61673
_d61673